Introduction to automate theory languages and computation (Record no. 5340)
[ view plain ]
| 000 -LEADER | |
|---|---|
| fixed length control field | 00564nam a2200193Ia 4500 |
| 003 - CONTROL NUMBER IDENTIFIER | |
| control field | SGT |
| 020 ## - INTERNATIONAL STANDARD BOOK NUMBER | |
| International Standard Book Number | 9788131720479 |
| 082 ## - DEWEY DECIMAL CLASSIFICATION NUMBER | |
| Classification number | 511.35 |
| Item number | HOP |
| 100 ## - MAIN ENTRY--PERSONAL NAME | |
| Personal name | Hopcroft,John E |
| 245 ## - TITLE STATEMENT | |
| Title | Introduction to automate theory languages and computation |
| 250 ## - EDITION STATEMENT | |
| Edition statement | 3rd Ed. |
| 260 ## - PUBLICATION, DISTRIBUTION, ETC. (IMPRINT) | |
| Name of publisher, distributor, etc | Pearson |
| Place of publication, distribution, etc | N.Delhi |
| Year of Publication | 2007 |
| 300 ## - PAGE DESCRIPTION | |
| No. of Pages | 487p. |
| 650 ## - SUBJECT ADDED ENTRY--TOPICAL TERM | |
| Topical term or geographic name as entry element | MATHEMATICS |
| 653 ## - KEYWORDS--INDEX TERM | |
| Keyword term | THE METHODS AND THE MADNESS,FINITE AUTOMATE,REGULAR EXPRESSIONS AND LANGUAGES,PROPERTIES OF REGULAR LANGUAGES |
| 700 ## - ADDED ENTRY--PERSONAL NAME | |
| Personal name | Motwani,Rajeev |
| 700 ## - ADDED ENTRY--PERSONAL NAME | |
| Personal name | Ullman,Jeffery D |
| 942 ## - ADDED ENTRY ELEMENTS (KOHA) | |
| Source of classification or shelving scheme | Dewey Decimal Classification |
| Koha item type | Books |
| 942 ## - ADDED ENTRY ELEMENTS (KOHA) | |
| -- | 2 |
| Withdrawn status | Lost status | Source of classification or shelving scheme | Damaged status | Not for loan | Home library | Current library | Date acquired | SGTU | Total Checkouts | Total Renewals | Full call number | Accession No. (Barcode) | Date last seen | Date last borrowed | Bill Date | Koha item type | Use restrictions | Collection code | Shelving location |
|---|---|---|---|---|---|---|---|---|---|---|---|---|---|---|---|---|---|---|---|
| Dewey Decimal Classification | SGT Engineering Library | SGT Engineering Library | 24/09/2011 | SGTU | 2 | 1 | 511.35 HOP | FE4149 | 18/07/2022 | 13/07/2022 | 09/02/2015 | Books | |||||||
| Dewey Decimal Classification | SGT Engineering Library | SGT Engineering Library | 24/09/2011 | SGTU | 2 | 1 | 511.35 HOP | FE4150 | 17/10/2018 | 12/09/2018 | 09/02/2015 | Books | |||||||
| Dewey Decimal Classification | SGT Engineering Library | SGT Engineering Library | 24/09/2011 | SGTU | 1 | 511.35 HOP | FE4151 | 30/10/2019 | 24/10/2019 | 09/02/2015 | Books | ||||||||
| Dewey Decimal Classification | SGT Engineering Library | SGT Engineering Library | 24/09/2011 | SGTU | 511.35 HOP | FE4152 | 09/02/2015 | 09/02/2015 | Books | ||||||||||
| Dewey Decimal Classification | SGT Engineering Library | SGT Engineering Library | 24/09/2011 | SGTU | 1 | 511.35 HOP | FE4153 | 29/01/2018 | 16/01/2018 | 09/02/2015 | Books | ||||||||
| Dewey Decimal Classification | SGT Engineering Library | SGT Engineering Library | 24/09/2011 | SGTU | 511.35 HOP | FE4154 | 09/02/2015 | 09/02/2015 | Books | ||||||||||
| Dewey Decimal Classification | SGT Engineering Library | SGT Engineering Library | 24/09/2011 | SGTU | 1 | 511.35 HOP | FE4155 | 04/12/2019 | 29/11/2019 | 09/02/2015 | Books | ||||||||
| Lost and Paid For | Dewey Decimal Classification | SGT Engineering Library | SGT Engineering Library | 24/09/2011 | SGTU | 2 | 511.35 HOP | FE4156 | 19/03/2019 | 21/02/2019 | 09/02/2015 | Books | |||||||
| Dewey Decimal Classification | SGT Engineering Library | SGT Engineering Library | 24/09/2011 | SGTU | 7 | 511.35 HOP | FE4157 | 19/02/2026 | 19/02/2026 | 09/02/2015 | Books | ||||||||
| Dewey Decimal Classification | Not For Loan | SGT Engineering Library | SGT Engineering Library | 24/09/2011 | SGTU | 511.35 HOP | FE4158 | 09/02/2015 | 09/02/2015 | Books | Restricted Access | ENGINEERING | Reference Book |